| 000 | 00467nam a22001577a 4500 | ||
|---|---|---|---|
| 003 | MPLRDC | ||
| 005 | 20220104142803.0 | ||
| 008 | 210129b ||||| |||| 00| 0 eng d | ||
| 082 | _a051.4 K1XR-2 1987 | ||
| 100 | _a循人中学卅三周年校庆工委会 | ||
| 245 |
_a循人中学卅三周年校庆纪念特刊 _c |
||
| 260 |
_a _b循人中学卅三周年校庆工委会 _c1987 |
||
| 300 | _b平 | ||
| 650 | _a学术纪要、学刊 | ||
| 942 |
_cBK _o051.4 K1XR-2 1987 |
||
| 999 |
_c33702 _d33692 |
||